| 000 | 00808nam a22002297a 4500 | ||
|---|---|---|---|
| 003 | OSt | ||
| 005 | 20230126102152.0 | ||
| 008 | 160111b xxu||||| |||| 00| 0 eng d | ||
| 020 | _a978 99922 940 3 1 | ||
| 040 | _cLado V | ||
| 082 |
_a708 _bC386d |
||
| 100 |
_aCasali, Rosina _9635 _ecuradora |
||
| 245 |
_aLos Desaparecidos | Horror Vacui/ _bGuatemala | 2008/ |
||
| 260 |
_aGuatemala _bEspacioce! _c2009 |
||
| 300 |
_a208p. _bil. (col.) _c28x22cm. |
||
| 500 | _aNotas en español, inglés y alemán | ||
| 650 |
_aANALISIS _2Tesauro de Arte & Arquitectura |
||
| 650 |
_aCRITICA SOCIAL _2Tesauro de Arte & Arquitectura |
||
| 650 |
_aARTE LATINOAMERICANA _2Tesauro de Arte & Arquitectura |
||
| 650 |
_aAUTORITARISMO _2Tesauro de Arte & Arquitectura |
||
| 942 |
_2ddc _c1 _n0 _h708 _iC386d |
||
| 999 |
_c2906 _d2906 |
||